| 000 | 00333nam a22001337a 4500 | ||
|---|---|---|---|
| 008 | 130909b xxu||||| |||| 00| 0 eng d | ||
| 020 | _a9065340165 | ||
| 100 | 1 |
_dVink, Willem de _eauthor |
|
| 245 | 1 | 0 | _aJesus Messiah |
| 260 |
_aHouten, The Netherlands _bProclama _c1993 |
||
| 300 | _a60 p. | ||
| 650 | 0 | _2Jesus Messiah | |
| 942 | _2ddc | ||
| 999 |
_c63730 _d63704 |
||